000 00605nam a2200229 i 4500
001 C2-0314954
003 PPAK
005 20180728110654.0
008 120409s2011 nyu |||| ||||| | eng d
020 _a9780312583972
040 _aPPAK
_beng
_cPPAK
_erda
082 0 4 _a813.6
_223
090 0 0 _a813.6
_bPIN
_dLCK
100 1 _aPintoff, stefanie,
_eauthor
245 1 0 _aSecret of the white rose
264 1 _aNew York :
_bMinotaur Books ,
_c2011
300 _a370 pages ;
_c22 cm
336 _2rdacontent
_atext
337 _2rdamedia
_aunmediated
338 _2rdacarrier
_avolume
942 _ddc
_cB
999 _c116266
_d116266